| 000 | 00740nam a2200241 a 4500 | ||
|---|---|---|---|
| 005 | 20231025063607.0 | ||
| 008 | 060605s2000 es r 000 0 spa d | ||
| 020 | _a8471746344 | ||
| 035 | _aUPN01000145116 | ||
| 049 | _aCE | ||
| 050 | 4 | _aTP24 | |
| 100 | 1 |
_aSeisdedos Cubero, Nicolás _939208 |
|
| 245 | 1 | 0 |
_aA - D : _bcuestionario A-D : conductas antisociales-delictivas / _cNicolás Seisdedos Cubero. |
| 250 | _a4a ed. | ||
| 260 |
_aMadrid : _bTEA, _c2000. |
||
| 300 |
_a27 p. : _btabls. |
||
| 440 | 0 |
_aSerie menor ; _v125 |
|
| 500 | _aIncluye: Manual (1), cuestionarios A-D (25) | ||
| 650 | 4 |
_aCONDUCTA (PSICOLOGIA) - _xPRUEBAS _925071 |
|
| 650 | 4 |
_aDESADAPTADOS SOCIALES _99932 |
|
| 650 | 2 |
_aDelincuentes _97581 |
|
| 905 | _aLibro | ||
| 999 |
_c117263 _d117263 |
||